• 首页
  • 本馆介绍
  • 公告通知
  • 最新文献
  • 馆藏检索
  • 电子资源
  • 读者导购
  • 参考咨询
  • 我的图书馆
  • 登录
  • 详细信息显示
  • 放入我的书架
  • 预约/预借图书
  • 作者相关作品
  • 分类相关作品
  • 丛书相关作品
  • 出版社相关作品

书目信息

  • 表格格式
  • 工作单格式
  • 卡片格式
题名:
教海拾贝
    
 
作者: 丁家桐 著
分册:  
出版信息: 上海   上海教育出版社  1980
页数: 98页
开本: 19cm
丛书名: 中小学教育工作丛书
单 册:
中图分类: G4-51
科图分类:
主题词: 中学-教育理论 , 教育理论-中学
电子资源:
ISBN:
000 00737nam2 2200265 45
001 0180001078
005 20051130104250.17
010    @dCNY0.24
091    @a7150.2397
100    @a19950608d1980 em y0chiy0121 ea
101 0  @achi
102    @aCN@b310000
105    @ay z 000yy
200 10 @a教海拾贝@Ajiao hai shi bei@f丁家桐著@Fding jia tong zhu
210    @a上海@c上海教育出版社@d1980
215    @a98页@d19cm
225 2  @a中小学教育工作丛书
410  0 @120010@a中小学教育工作丛书
606    @a中学-教育理论
606    @a教育理论-中学
690    @aG4-51
701  0 @a丁家桐@Ading jia tong@4著
801  2 @aCN@bNLC@c20051130
801  0 @aCN@b上海图书馆@c20040429
905    @f2@b36275-276@f1@b36282@f1@b36385@dG4-51@e18
    
    教海拾贝/丁家桐著.-上海:上海教育出版社,1980
    98页;19cm.-(中小学教育工作丛书)
    
    
    ISBN :CNY0.24
    
●
相关链接 在E读中查询图书 在五车中查询图书 在当当中查询图书 在豆瓣中查询图书


正题名:教海拾贝     索取号:G4-51/18         预约/预借

序号 登录号 条形码 馆藏地/架位号 状态 备注
1 0036275   001440890   密集书库/ [索取号:G4-51/18] 在馆    
2 0036276   000310318   密集书库/ [索取号:G4-51/18] 在馆    
3 0036279   202158976   密集书库/ [索取号:G4-51/18] 在馆    
4 0036280   202161695   密集书库/ [索取号:G4-51/18] 在馆    
5 0036282   000310309   密集书库/ [索取号:G4-51/18] 在馆    
6 0036283   000310363   第一样本阅览室/ [索取号:G4-51/18] 在馆    
7 0036385   000310292   密集书库/ [索取号:G4-51/18] 在馆    
唐山师范学院图书馆 欢迎您!
大连网信软件有限公司© 版权所有